| 000 | 01892nam a2200397 c 4500 | ||
|---|---|---|---|
| 999 |
_c135326 _d135326 |
||
| 003 | BLK | ||
| 005 | 20231229114057.0 | ||
| 008 | 180409b bul|||||r ||||||| ||bul|| | ||
| 010 | _aKNG00141252000 | ||
| 040 | _aBLK | ||
| 041 |
_aBUL _cBUL |
||
| 080 |
_aДомарксически социалистически школи. Утопичен социализъм _b141.81 _z141.81 |
||
| 100 | 1 |
_aМор, Томас _eпърви автор _9378576 |
|
| 139 |
_aМор, Томас и др. _bМ 89 |
||
| 245 | 1 | 0 |
_aУтопия _cТомас Мор; прев. от лат. Александър Иванов Милев |
| 245 | 1 | 0 |
_aГрадът на Слънцето _cТомазо Кампанела ; прев. от лат. Любомир Боянов Павлов ; с предг. от Нешо Давидов |
| 257 | _aITA | ||
| 260 |
_aСофия _bНар. култура _c1984 |
||
| 300 |
_a239 с _c21 см |
||
| 380 | _a1 | ||
| 490 |
_aБиблиотека Световна класика _9201621 |
||
| 500 | _aОриг. загл. Utopia / Thomas More ; Civitas solis / Tommaso Campanella. - В кн. означено 2. изд. - 25 125 тир. | ||
| 650 | 4 |
_aУтопичен социализъм _9174928 |
|
| 653 | _aутопичен социализъм | ||
| 700 | 1 |
_aМилев, Александър Иванов _eпрев. от лат. _9377355 |
|
| 700 |
_aКампанела, Томазо _eсъавт. _91445 |
||
| 700 |
_aПавлов, Любомир Боянов _eпрев. _9966 |
||
| 700 |
_aДавидов, Нешо _eпредг. _9401063 |
||
| 852 | _aЦб 125661 | ||
| 856 | 4 |
_qpdf _i0.00 _ldisable |
|
| 856 | 4 |
_qpdf _i0.00 _ldisable |
|
| 942 |
_cKNG _n0 _09 _s1 |
||
| 944 |
_aCR _c21.03.2013 _lЦветелина Шанова _k30531 |
||
| 944 |
_aED _c21.03.2013 _l21.03.2013 - от С1,Р / 21.03.2013 |
||
| 999 | _d135326 | ||